<?xml version="1.0" encoding="UTF-8"?>
<collection xmlns="http://www.loc.gov/MARC21/slim">
 <record>
  <leader>23141nas a22018851  4500</leader>
  <controlfield tag="001">1/50293</controlfield>
  <controlfield tag="008">020520c19989999gr mrzp           g0gre d</controlfield>
  <datafield tag="035" ind1=" " ind2=" ">
   <subfield code="l">23742</subfield>
  </datafield>
  <datafield tag="040" ind1=" " ind2=" ">
   <subfield code="a">GR-PeUP</subfield>
  </datafield>
  <datafield tag="090" ind1=" " ind2=" ">
   <subfield code="a">Αλφαβητική σειρά</subfield>
  </datafield>
  <datafield tag="245" ind1="0" ind2="0">
   <subfield code="a">National geographic :</subfield>
   <subfield code="b">Ελλάδα</subfield>
  </datafield>
  <datafield tag="260" ind1=" " ind2=" ">
   <subfield code="a">Αθήνα :</subfield>
   <subfield code="b">Δημοσιογραφικός Οργανισμός Λαμπράκη,</subfield>
   <subfield code="c">1998-</subfield>
  </datafield>
  <datafield tag="300" ind1=" " ind2=" ">
   <subfield code="a">τ. :</subfield>
   <subfield code="b">εικ. ;</subfield>
   <subfield code="c">26 εκ.</subfield>
  </datafield>
  <datafield tag="310" ind1=" " ind2=" ">
   <subfield code="a">Μηνιαίο</subfield>
  </datafield>
  <datafield tag="362" ind1="0" ind2=" ">
   <subfield code="a">Τομ.1, τχ.1(Οκτ. 1998)-τ.10/11, τχ.6(Δεκ. 2003)</subfield>
  </datafield>
  <datafield tag="362" ind1="0" ind2=" ">
   <subfield code="a">Τομ.12, τχ.1(Ιαν. 2004)-</subfield>
  </datafield>
  <datafield tag="546" ind1=" " ind2=" ">
   <subfield code="a">Ελληνική</subfield>
  </datafield>
  <datafield tag="650" ind1=" " ind2="4">
   <subfield code="a">Γεωγραφία</subfield>
   <subfield code="v">Περιοδικά.</subfield>
  </datafield>
  <datafield tag="852" ind1=" " ind2=" ">
   <subfield code="a">INST</subfield>
   <subfield code="b">UNIPILB</subfield>
   <subfield code="c">SERIALS</subfield>
   <subfield code="e">20050128</subfield>
   <subfield code="h">Αλφαβητική σειρά</subfield>
   <subfield code="p">39401</subfield>
   <subfield code="q">39401</subfield>
   <subfield code="t">NOLOAN</subfield>
   <subfield code="v">τομ.12;τεύχ.1:(Μήνας)Ιανουάριος;(Έτος)2004</subfield>
   <subfield code="y">23</subfield>
  </datafield>
  <datafield tag="852" ind1=" " ind2=" ">
   <subfield code="a">INST</subfield>
   <subfield code="b">UNIPILB</subfield>
   <subfield code="c">SERIALS</subfield>
   <subfield code="e">20050128</subfield>
   <subfield code="h">Αλφαβητική σειρά</subfield>
   <subfield code="p">39402</subfield>
   <subfield code="q">39402</subfield>
   <subfield code="t">NOLOAN</subfield>
   <subfield code="v">τομ.12;τεύχ.2:(Μήνας)Φεβρουάριος;(Έτος)2004</subfield>
   <subfield code="y">23</subfield>
  </datafield>
  <datafield tag="852" ind1=" " ind2=" ">
   <subfield code="a">INST</subfield>
   <subfield code="b">UNIPILB</subfield>
   <subfield code="c">SERIALS</subfield>
   <subfield code="e">20050128</subfield>
   <subfield code="h">Αλφαβητική σειρά</subfield>
   <subfield code="p">39403</subfield>
   <subfield code="q">39403</subfield>
   <subfield code="t">NOLOAN</subfield>
   <subfield code="v">τομ.12;τεύχ.3:(Μήνας)Μάρτιος;(Έτος)2004</subfield>
   <subfield code="y">23</subfield>
  </datafield>
  <datafield tag="852" ind1=" " ind2=" ">
   <subfield code="a">INST</subfield>
   <subfield code="b">UNIPILB</subfield>
   <subfield code="c">SERIALS</subfield>
   <subfield code="e">20050128</subfield>
   <subfield code="h">Αλφαβητική σειρά</subfield>
   <subfield code="p">39404</subfield>
   <subfield code="q">39404</subfield>
   <subfield code="t">NOLOAN</subfield>
   <subfield code="v">τομ.12;τεύχ.4:(Μήνας)Απρίλιος;(Έτος)2004</subfield>
   <subfield code="y">23</subfield>
  </datafield>
  <datafield tag="852" ind1=" " ind2=" ">
   <subfield code="a">INST</subfield>
   <subfield code="b">UNIPILB</subfield>
   <subfield code="c">SERIALS</subfield>
   <subfield code="e">20050128</subfield>
   <subfield code="h">Αλφαβητική σειρά</subfield>
   <subfield code="p">39405</subfield>
   <subfield code="q">39405</subfield>
   <subfield code="t">NOLOAN</subfield>
   <subfield code="v">τομ.12;τεύχ.5:(Μήνας)Μάιος;(Έτος)2004</subfield>
   <subfield code="y">23</subfield>
  </datafield>
  <datafield tag="852" ind1=" " ind2=" ">
   <subfield code="a">INST</subfield>
   <subfield code="b">UNIPILB</subfield>
   <subfield code="c">SERIALS</subfield>
   <subfield code="e">20050128</subfield>
   <subfield code="h">Αλφαβητική σειρά</subfield>
   <subfield code="p">39406</subfield>
   <subfield code="q">39406</subfield>
   <subfield code="t">NOLOAN</subfield>
   <subfield code="v">τομ.12;τεύχ.6:(Μήνας)Ιούνιος;(Έτος)2004</subfield>
   <subfield code="y">23</subfield>
  </datafield>
  <datafield tag="852" ind1=" " ind2=" ">
   <subfield code="a">INST</subfield>
   <subfield code="b">UNIPILB</subfield>
   <subfield code="c">SERIALS</subfield>
   <subfield code="e">20050128</subfield>
   <subfield code="h">Αλφαβητική σειρά</subfield>
   <subfield code="p">39407</subfield>
   <subfield code="q">39407</subfield>
   <subfield code="t">NOLOAN</subfield>
   <subfield code="v">τομ.13;τεύχ.1:(Μήνας)Ιούλιος;(Έτος)2004</subfield>
   <subfield code="y">23</subfield>
  </datafield>
  <datafield tag="852" ind1=" " ind2=" ">
   <subfield code="a">INST</subfield>
   <subfield code="b">UNIPILB</subfield>
   <subfield code="c">SERIALS</subfield>
   <subfield code="e">20050128</subfield>
   <subfield code="h">Αλφαβητική σειρά</subfield>
   <subfield code="p">39408</subfield>
   <subfield code="q">39408</subfield>
   <subfield code="t">NOLOAN</subfield>
   <subfield code="v">τομ.13;τεύχ.2:(Μήνας)Αύγουστος;(Έτος)2004</subfield>
   <subfield code="y">23</subfield>
  </datafield>
  <datafield tag="852" ind1=" " ind2=" ">
   <subfield code="a">INST</subfield>
   <subfield code="b">UNIPILB</subfield>
   <subfield code="c">SERIALS</subfield>
   <subfield code="e">20050128</subfield>
   <subfield code="h">Αλφαβητική σειρά</subfield>
   <subfield code="p">39409</subfield>
   <subfield code="q">39409</subfield>
   <subfield code="t">NOLOAN</subfield>
   <subfield code="v">τομ.13;τεύχ.5:(Μήνας)Νοέμβριος;(Έτος)2004</subfield>
   <subfield code="y">23</subfield>
  </datafield>
  <datafield tag="852" ind1=" " ind2=" ">
   <subfield code="a">INST</subfield>
   <subfield code="b">UNIPILB</subfield>
   <subfield code="c">SERIALS</subfield>
   <subfield code="e">20050128</subfield>
   <subfield code="h">Αλφαβητική σειρά</subfield>
   <subfield code="p">39410</subfield>
   <subfield code="q">39410</subfield>
   <subfield code="t">NOLOAN</subfield>
   <subfield code="v">τομ.13;τεύχ.6:(Μήνας)Δεκέμβριος;(Έτος)2004</subfield>
   <subfield code="y">23</subfield>
  </datafield>
  <datafield tag="852" ind1=" " ind2=" ">
   <subfield code="a">INST</subfield>
   <subfield code="b">UNIPILB</subfield>
   <subfield code="c">SERIALS</subfield>
   <subfield code="e">20050128</subfield>
   <subfield code="h">Αλφαβητική σειρά</subfield>
   <subfield code="p">39411</subfield>
   <subfield code="q">39411</subfield>
   <subfield code="t">NOLOAN</subfield>
   <subfield code="v">τομ.14;τεύχ.1:(Μήνας)Ιανουάριος;(Έτος)2005</subfield>
   <subfield code="y">23</subfield>
  </datafield>
  <datafield tag="852" ind1=" " ind2=" ">
   <subfield code="a">INST</subfield>
   <subfield code="b">UNIPILB</subfield>
   <subfield code="c">SERIALS</subfield>
   <subfield code="e">20050128</subfield>
   <subfield code="h">Αλφαβητική σειρά</subfield>
   <subfield code="p">39412</subfield>
   <subfield code="q">39412</subfield>
   <subfield code="t">NOLOAN</subfield>
   <subfield code="v">τομ.14;τεύχ.2:(Μήνας)Φεβρουάριος;(Έτος)2005</subfield>
   <subfield code="y">23</subfield>
  </datafield>
  <datafield tag="852" ind1=" " ind2=" ">
   <subfield code="a">INST</subfield>
   <subfield code="b">UNIPILB</subfield>
   <subfield code="c">SERIALS</subfield>
   <subfield code="e">20050307</subfield>
   <subfield code="h">Αλφαβητική σειρά</subfield>
   <subfield code="p">40865</subfield>
   <subfield code="q">40865</subfield>
   <subfield code="t">NOLOAN</subfield>
   <subfield code="v">τομ.13;τεύχ.3:(Μήνας)Σεπτέμβριος;(Έτος)2004</subfield>
   <subfield code="y">23</subfield>
  </datafield>
  <datafield tag="852" ind1=" " ind2=" ">
   <subfield code="a">INST</subfield>
   <subfield code="b">UNIPILB</subfield>
   <subfield code="c">SERIALS</subfield>
   <subfield code="e">20050307</subfield>
   <subfield code="h">Αλφαβητική σειρά</subfield>
   <subfield code="p">40866</subfield>
   <subfield code="q">40866</subfield>
   <subfield code="t">NOLOAN</subfield>
   <subfield code="v">τομ.13;τεύχ.4:(Μήνας)Οκτώβριος;(Έτος)2004</subfield>
   <subfield code="y">23</subfield>
  </datafield>
  <datafield tag="852" ind1=" " ind2=" ">
   <subfield code="a">INST</subfield>
   <subfield code="b">UNIPILB</subfield>
   <subfield code="c">SERIALS</subfield>
   <subfield code="e">20050405</subfield>
   <subfield code="h">Αλφαβητική σειρά</subfield>
   <subfield code="p">42022</subfield>
   <subfield code="q">42022</subfield>
   <subfield code="t">NOLOAN</subfield>
   <subfield code="v">τομ.14;τεύχ.4:(Μήνας)Απρίλιος;(Έτος)2005</subfield>
   <subfield code="y">23</subfield>
  </datafield>
  <datafield tag="852" ind1=" " ind2=" ">
   <subfield code="a">INST</subfield>
   <subfield code="b">UNIPILB</subfield>
   <subfield code="c">SERIALS</subfield>
   <subfield code="e">20050523</subfield>
   <subfield code="h">Αλφαβητική σειρά</subfield>
   <subfield code="p">43410</subfield>
   <subfield code="q">43410</subfield>
   <subfield code="t">NOLOAN</subfield>
   <subfield code="v">τομ.14;τεύχ.5:(Μήνας)Μάιος;(Έτος)2005</subfield>
   <subfield code="y">23</subfield>
  </datafield>
  <datafield tag="852" ind1=" " ind2=" ">
   <subfield code="a">INST</subfield>
   <subfield code="b">UNIPILB</subfield>
   <subfield code="c">SERIALS</subfield>
   <subfield code="e">20050706</subfield>
   <subfield code="h">Αλφαβητική σειρά</subfield>
   <subfield code="p">44504</subfield>
   <subfield code="q">44504</subfield>
   <subfield code="t">NOLOAN</subfield>
   <subfield code="v">τομ.14;τεύχ.6:(Μήνας)Ιούνιος;(Έτος)2005</subfield>
   <subfield code="y">23</subfield>
  </datafield>
  <datafield tag="852" ind1=" " ind2=" ">
   <subfield code="a">INST</subfield>
   <subfield code="b">UNIPILB</subfield>
   <subfield code="c">SERIALS</subfield>
   <subfield code="e">20050824</subfield>
   <subfield code="h">Αλφαβητική σειρά</subfield>
   <subfield code="p">45478</subfield>
   <subfield code="q">45478</subfield>
   <subfield code="t">NOLOAN</subfield>
   <subfield code="v">τομ.15;τεύχ.2:(Μήνας)Αύγουστος;(Έτος)2005</subfield>
   <subfield code="y">23</subfield>
  </datafield>
  <datafield tag="852" ind1=" " ind2=" ">
   <subfield code="a">INST</subfield>
   <subfield code="b">UNIPILB</subfield>
   <subfield code="c">SERIALS</subfield>
   <subfield code="e">20050901</subfield>
   <subfield code="h">Αλφαβητική σειρά</subfield>
   <subfield code="p">45816</subfield>
   <subfield code="q">45816</subfield>
   <subfield code="t">NOLOAN</subfield>
   <subfield code="v">τομ.15;τεύχ.3:(Μήνας)Σεπτέμβριος;(Έτος)2005</subfield>
   <subfield code="y">23</subfield>
  </datafield>
  <datafield tag="852" ind1=" " ind2=" ">
   <subfield code="a">INST</subfield>
   <subfield code="b">UNIPILB</subfield>
   <subfield code="c">SERIALS</subfield>
   <subfield code="e">20050905</subfield>
   <subfield code="h">Αλφαβητική σειρά</subfield>
   <subfield code="p">45979</subfield>
   <subfield code="q">45979</subfield>
   <subfield code="t">NOLOAN</subfield>
   <subfield code="v">τομ.15;τεύχ.1:(Μήνας)Ιούλιος;(Έτος)2005</subfield>
   <subfield code="y">23</subfield>
  </datafield>
  <datafield tag="852" ind1=" " ind2=" ">
   <subfield code="a">INST</subfield>
   <subfield code="b">UNIPILB</subfield>
   <subfield code="c">SERIALS</subfield>
   <subfield code="e">20051205</subfield>
   <subfield code="h">Αλφαβητική σειρά</subfield>
   <subfield code="p">48940</subfield>
   <subfield code="q">48940</subfield>
   <subfield code="t">NOLOAN</subfield>
   <subfield code="v">τομ.15;τεύχ.4:(Μήνας)Οκτώβριος;(Έτος)2005</subfield>
   <subfield code="y">23</subfield>
  </datafield>
  <datafield tag="852" ind1=" " ind2=" ">
   <subfield code="a">INST</subfield>
   <subfield code="b">UNIPILB</subfield>
   <subfield code="c">SERIALS</subfield>
   <subfield code="e">20051205</subfield>
   <subfield code="h">Αλφαβητική σειρά</subfield>
   <subfield code="p">48941</subfield>
   <subfield code="q">48941</subfield>
   <subfield code="t">NOLOAN</subfield>
   <subfield code="v">τομ.15;τεύχ.5:(Μήνας)Νοέμβριος;(Έτος)2005</subfield>
   <subfield code="y">23</subfield>
  </datafield>
  <datafield tag="852" ind1=" " ind2=" ">
   <subfield code="a">INST</subfield>
   <subfield code="b">UNIPILB</subfield>
   <subfield code="c">SERIALS</subfield>
   <subfield code="e">20051205</subfield>
   <subfield code="h">Αλφαβητική σειρά</subfield>
   <subfield code="p">48942</subfield>
   <subfield code="q">48942</subfield>
   <subfield code="t">NOLOAN</subfield>
   <subfield code="v">τομ.15;τεύχ.6:(Μήνας)Δεκέμβριος;(Έτος)2005</subfield>
   <subfield code="y">23</subfield>
  </datafield>
  <datafield tag="852" ind1=" " ind2=" ">
   <subfield code="a">INST</subfield>
   <subfield code="b">UNIPILB</subfield>
   <subfield code="c">SERIALS</subfield>
   <subfield code="e">20060207</subfield>
   <subfield code="h">Αλφαβητική σειρά</subfield>
   <subfield code="p">50081</subfield>
   <subfield code="q">50081</subfield>
   <subfield code="t">NOLOAN</subfield>
   <subfield code="v">τομ.16;τεύχ.2:(Μήνας)Φεβρουάριος;(Έτος)2006</subfield>
   <subfield code="y">23</subfield>
  </datafield>
  <datafield tag="852" ind1=" " ind2=" ">
   <subfield code="a">INST</subfield>
   <subfield code="b">UNIPILB</subfield>
   <subfield code="c">SERIALS</subfield>
   <subfield code="e">20060519</subfield>
   <subfield code="h">Αλφαβητική σειρά</subfield>
   <subfield code="p">51621</subfield>
   <subfield code="q">51621</subfield>
   <subfield code="t">NOLOAN</subfield>
   <subfield code="v">τομ.16;τεύχ.4:(Μήνας)Απρίλιος;(Έτος)2006</subfield>
   <subfield code="y">23</subfield>
  </datafield>
  <datafield tag="852" ind1=" " ind2=" ">
   <subfield code="a">INST</subfield>
   <subfield code="b">UNIPILB</subfield>
   <subfield code="c">SERIALS</subfield>
   <subfield code="e">20060519</subfield>
   <subfield code="h">Αλφαβητική σειρά</subfield>
   <subfield code="p">51622</subfield>
   <subfield code="q">51622</subfield>
   <subfield code="t">NOLOAN</subfield>
   <subfield code="v">τομ.16;τεύχ.5:(Μήνας)Μάιος;(Έτος)2006</subfield>
   <subfield code="y">23</subfield>
  </datafield>
  <datafield tag="852" ind1=" " ind2=" ">
   <subfield code="a">INST</subfield>
   <subfield code="b">UNIPILB</subfield>
   <subfield code="c">SERIALS</subfield>
   <subfield code="e">20060519</subfield>
   <subfield code="h">Αλφαβητική σειρά</subfield>
   <subfield code="p">51624</subfield>
   <subfield code="q">51624</subfield>
   <subfield code="t">NOLOAN</subfield>
   <subfield code="v">τομ.16;τεύχ.3:(Μήνας)Μάρτιος;(Έτος)2006</subfield>
   <subfield code="y">23</subfield>
  </datafield>
  <datafield tag="852" ind1=" " ind2=" ">
   <subfield code="a">INST</subfield>
   <subfield code="b">UNIPILB</subfield>
   <subfield code="c">SERIALS</subfield>
   <subfield code="e">20060526</subfield>
   <subfield code="h">Αλφαβητική σειρά</subfield>
   <subfield code="p">51710</subfield>
   <subfield code="q">51710</subfield>
   <subfield code="t">NOLOAN</subfield>
   <subfield code="v">τομ.16;τεύχ.6:(Μήνας)Ιούνιος;(Έτος)2006</subfield>
   <subfield code="y">23</subfield>
  </datafield>
  <datafield tag="852" ind1=" " ind2=" ">
   <subfield code="a">INST</subfield>
   <subfield code="b">UNIPILB</subfield>
   <subfield code="c">SERIALS</subfield>
   <subfield code="e">20060712</subfield>
   <subfield code="h">Αλφαβητική σειρά</subfield>
   <subfield code="p">51930</subfield>
   <subfield code="q">51930</subfield>
   <subfield code="t">NOLOAN</subfield>
   <subfield code="v">τομ.17;τεύχ.1:(Μήνας)Ιούλιος;(Έτος)2006</subfield>
   <subfield code="y">23</subfield>
  </datafield>
  <datafield tag="852" ind1=" " ind2=" ">
   <subfield code="a">INST</subfield>
   <subfield code="b">UNIPILB</subfield>
   <subfield code="c">SERIALS</subfield>
   <subfield code="e">20060825</subfield>
   <subfield code="h">Αλφαβητική σειρά</subfield>
   <subfield code="p">52414</subfield>
   <subfield code="q">52414</subfield>
   <subfield code="t">NOLOAN</subfield>
   <subfield code="v">τομ.17;τεύχ.2:(Μήνας)Αύγουστος;(Έτος)2006</subfield>
   <subfield code="y">23</subfield>
  </datafield>
  <datafield tag="852" ind1=" " ind2=" ">
   <subfield code="a">INST</subfield>
   <subfield code="b">UNIPILB</subfield>
   <subfield code="c">SERIALS</subfield>
   <subfield code="e">20060825</subfield>
   <subfield code="h">Αλφαβητική σειρά</subfield>
   <subfield code="p">52415</subfield>
   <subfield code="q">52415</subfield>
   <subfield code="t">NOLOAN</subfield>
   <subfield code="v">τομ.17;τεύχ.3:(Μήνας)Σεπτέμβριος;(Έτος)2006</subfield>
   <subfield code="y">23</subfield>
  </datafield>
  <datafield tag="852" ind1=" " ind2=" ">
   <subfield code="a">INST</subfield>
   <subfield code="b">UNIPILB</subfield>
   <subfield code="c">SERIALS</subfield>
   <subfield code="e">20061005</subfield>
   <subfield code="h">Αλφαβητική σειρά</subfield>
   <subfield code="p">53019</subfield>
   <subfield code="q">53019</subfield>
   <subfield code="t">NOLOAN</subfield>
   <subfield code="v">τομ.17;τεύχ.4:(Μήνας)Οκτώβριος;(Έτος)2006</subfield>
   <subfield code="y">23</subfield>
  </datafield>
  <datafield tag="852" ind1=" " ind2=" ">
   <subfield code="a">INST</subfield>
   <subfield code="b">UNIPILB</subfield>
   <subfield code="c">SERIALS</subfield>
   <subfield code="e">20061122</subfield>
   <subfield code="h">Αλφαβητική σειρά</subfield>
   <subfield code="p">53712</subfield>
   <subfield code="q">53712</subfield>
   <subfield code="t">NOLOAN</subfield>
   <subfield code="v">τομ.17;τεύχ.6:(Μήνας)Δεκέμβριος;(Έτος)2006</subfield>
   <subfield code="y">23</subfield>
  </datafield>
  <datafield tag="852" ind1=" " ind2=" ">
   <subfield code="a">INST</subfield>
   <subfield code="b">UNIPILB</subfield>
   <subfield code="c">SERIALS</subfield>
   <subfield code="e">20070117</subfield>
   <subfield code="h">Αλφαβητική σειρά</subfield>
   <subfield code="p">54113</subfield>
   <subfield code="q">54113</subfield>
   <subfield code="t">NOLOAN</subfield>
   <subfield code="v">τομ.17;τεύχ.5:(Μήνας)Νοέμβριος;(Έτος)2006</subfield>
   <subfield code="y">23</subfield>
  </datafield>
  <datafield tag="852" ind1=" " ind2=" ">
   <subfield code="a">INST</subfield>
   <subfield code="b">UNIPILB</subfield>
   <subfield code="c">SERIALS</subfield>
   <subfield code="e">20070122</subfield>
   <subfield code="h">Αλφαβητική σειρά</subfield>
   <subfield code="p">54256</subfield>
   <subfield code="q">54256</subfield>
   <subfield code="t">NOLOAN</subfield>
   <subfield code="v">τομ.18;τεύχ.1:(Μήνας)Ιανουάριος;(Έτος)2007</subfield>
   <subfield code="y">23</subfield>
  </datafield>
  <datafield tag="852" ind1=" " ind2=" ">
   <subfield code="a">INST</subfield>
   <subfield code="b">UNIPILB</subfield>
   <subfield code="c">SERIALS</subfield>
   <subfield code="e">20070125</subfield>
   <subfield code="h">Αλφαβητική σειρά</subfield>
   <subfield code="p">54380</subfield>
   <subfield code="q">54380</subfield>
   <subfield code="t">NOLOAN</subfield>
   <subfield code="v">τομ.18;τεύχ.2:(Μήνας)Φεβρουάριος;(Έτος)2007</subfield>
   <subfield code="y">23</subfield>
  </datafield>
  <datafield tag="852" ind1=" " ind2=" ">
   <subfield code="a">INST</subfield>
   <subfield code="b">UNIPILB</subfield>
   <subfield code="c">SERIALS</subfield>
   <subfield code="e">20070314</subfield>
   <subfield code="h">Αλφαβητική σειρά</subfield>
   <subfield code="p">54952</subfield>
   <subfield code="q">54952</subfield>
   <subfield code="t">NOLOAN</subfield>
   <subfield code="v">τομ.18;τεύχ.3:(Μήνας)Μάρτιος;(Έτος)2007</subfield>
   <subfield code="y">23</subfield>
  </datafield>
  <datafield tag="852" ind1=" " ind2=" ">
   <subfield code="a">INST</subfield>
   <subfield code="b">UNIPILB</subfield>
   <subfield code="c">SERIALS</subfield>
   <subfield code="e">20070711</subfield>
   <subfield code="h">Αλφαβητική σειρά</subfield>
   <subfield code="p">56265</subfield>
   <subfield code="q">56265</subfield>
   <subfield code="t">NOLOAN</subfield>
   <subfield code="v">τομ.18;τεύχ.4:(Μήνας)Απρίλιος;(Έτος)2007</subfield>
   <subfield code="y">23</subfield>
  </datafield>
  <datafield tag="852" ind1=" " ind2=" ">
   <subfield code="a">INST</subfield>
   <subfield code="b">UNIPILB</subfield>
   <subfield code="c">SERIALS</subfield>
   <subfield code="e">20080205</subfield>
   <subfield code="h">Αλφαβητική σειρά</subfield>
   <subfield code="p">59569</subfield>
   <subfield code="q">59569</subfield>
   <subfield code="t">NOLOAN</subfield>
   <subfield code="v">τομ.20;τεύχ.1:(Μήνας)Ιανουάριος;(Έτος)2008</subfield>
   <subfield code="y">23</subfield>
  </datafield>
  <datafield tag="852" ind1=" " ind2=" ">
   <subfield code="a">INST</subfield>
   <subfield code="b">UNIPILB</subfield>
   <subfield code="c">SERIALS</subfield>
   <subfield code="e">20080205</subfield>
   <subfield code="h">Αλφαβητική σειρά</subfield>
   <subfield code="p">59570</subfield>
   <subfield code="q">59570</subfield>
   <subfield code="t">NOLOAN</subfield>
   <subfield code="v">τομ.20;τεύχ.2:(Μήνας)Φεβρουάριος;(Έτος)2008</subfield>
   <subfield code="y">23</subfield>
  </datafield>
  <datafield tag="852" ind1=" " ind2=" ">
   <subfield code="a">INST</subfield>
   <subfield code="b">UNIPILB</subfield>
   <subfield code="c">SERIALS</subfield>
   <subfield code="e">20080307</subfield>
   <subfield code="h">Αλφαβητική σειρά</subfield>
   <subfield code="p">60067</subfield>
   <subfield code="q">60067</subfield>
   <subfield code="t">NOLOAN</subfield>
   <subfield code="v">τομ.20;τεύχ.3:(Μήνας)Μάρτιος;(Έτος)2008</subfield>
   <subfield code="y">23</subfield>
  </datafield>
  <datafield tag="852" ind1=" " ind2=" ">
   <subfield code="a">INST</subfield>
   <subfield code="b">UNIPILB</subfield>
   <subfield code="c">SERIALS</subfield>
   <subfield code="e">20080326</subfield>
   <subfield code="h">Αλφαβητική σειρά</subfield>
   <subfield code="p">60322</subfield>
   <subfield code="q">60322</subfield>
   <subfield code="t">NOLOAN</subfield>
   <subfield code="v">τομ.20;τεύχ.4:(Μήνας)Απρίλιος;(Έτος)2008</subfield>
   <subfield code="y">23</subfield>
  </datafield>
  <datafield tag="852" ind1=" " ind2=" ">
   <subfield code="a">INST</subfield>
   <subfield code="b">UNIPILB</subfield>
   <subfield code="c">SERIALS</subfield>
   <subfield code="e">20080529</subfield>
   <subfield code="h">Αλφαβητική σειρά</subfield>
   <subfield code="p">60647</subfield>
   <subfield code="q">60647</subfield>
   <subfield code="t">NOLOAN</subfield>
   <subfield code="v">τομ.20;τεύχ.5:(Μήνας)Μάιος;(Έτος)2008</subfield>
   <subfield code="y">23</subfield>
  </datafield>
  <datafield tag="852" ind1=" " ind2=" ">
   <subfield code="a">INST</subfield>
   <subfield code="b">UNIPILB</subfield>
   <subfield code="c">SERIALS</subfield>
   <subfield code="e">20080709</subfield>
   <subfield code="h">Αλφαβητική σειρά</subfield>
   <subfield code="p">60974</subfield>
   <subfield code="q">60974</subfield>
   <subfield code="t">NOLOAN</subfield>
   <subfield code="v">τομ.21;τεύχ.1:(Μήνας)Ιούλιος;(Έτος)2008</subfield>
   <subfield code="y">23</subfield>
  </datafield>
  <datafield tag="852" ind1=" " ind2=" ">
   <subfield code="a">INST</subfield>
   <subfield code="b">UNIPILB</subfield>
   <subfield code="c">SERIALS</subfield>
   <subfield code="e">20080729</subfield>
   <subfield code="h">Αλφαβητική σειρά</subfield>
   <subfield code="p">61288</subfield>
   <subfield code="q">61288</subfield>
   <subfield code="t">NOLOAN</subfield>
   <subfield code="v">τομ.21;τεύχ.2:(Μήνας)Αύγουστος;(Έτος)2008</subfield>
   <subfield code="y">23</subfield>
  </datafield>
  <datafield tag="852" ind1=" " ind2=" ">
   <subfield code="a">INST</subfield>
   <subfield code="b">UNIPILB</subfield>
   <subfield code="c">SERIALS</subfield>
   <subfield code="e">20080908</subfield>
   <subfield code="h">Αλφαβητική σειρά</subfield>
   <subfield code="p">61414</subfield>
   <subfield code="q">61414</subfield>
   <subfield code="t">NOLOAN</subfield>
   <subfield code="v">τομ.21;τεύχ.3:(Μήνας)Σεπτέμβριος;(Έτος)2008</subfield>
   <subfield code="y">23</subfield>
  </datafield>
  <datafield tag="852" ind1=" " ind2=" ">
   <subfield code="a">INST</subfield>
   <subfield code="b">UNIPILB</subfield>
   <subfield code="c">SERIALS</subfield>
   <subfield code="e">20081007</subfield>
   <subfield code="h">Αλφαβητική σειρά</subfield>
   <subfield code="p">61713</subfield>
   <subfield code="q">61713</subfield>
   <subfield code="t">NOLOAN</subfield>
   <subfield code="v">τομ.21;τεύχ.4:(Μήνας)Οκτώβριος;(Έτος)2008</subfield>
   <subfield code="y">23</subfield>
  </datafield>
  <datafield tag="852" ind1=" " ind2=" ">
   <subfield code="a">INST</subfield>
   <subfield code="b">UNIPILB</subfield>
   <subfield code="c">SERIALS</subfield>
   <subfield code="e">20081014</subfield>
   <subfield code="h">Αλφαβητική σειρά</subfield>
   <subfield code="p">61778</subfield>
   <subfield code="q">61778</subfield>
   <subfield code="t">NOLOAN</subfield>
   <subfield code="v">τομ.20;τεύχ.6:(Μήνας)Ιούνιος;(Έτος)2008</subfield>
   <subfield code="y">23</subfield>
  </datafield>
  <datafield tag="852" ind1=" " ind2=" ">
   <subfield code="a">INST</subfield>
   <subfield code="b">UNIPILB</subfield>
   <subfield code="c">SERIALS</subfield>
   <subfield code="e">20081118</subfield>
   <subfield code="h">Αλφαβητική σειρά</subfield>
   <subfield code="p">62093</subfield>
   <subfield code="q">62093</subfield>
   <subfield code="t">NOLOAN</subfield>
   <subfield code="v">τομ.21;τεύχ.5:(Μήνας)Νοέμβριος;(Έτος)2008</subfield>
   <subfield code="y">23</subfield>
  </datafield>
  <datafield tag="852" ind1=" " ind2=" ">
   <subfield code="a">INST</subfield>
   <subfield code="b">UNIPILB</subfield>
   <subfield code="c">SERIALS</subfield>
   <subfield code="e">20090209</subfield>
   <subfield code="h">Αλφαβητική σειρά</subfield>
   <subfield code="p">62793</subfield>
   <subfield code="q">62793</subfield>
   <subfield code="t">NOLOAN</subfield>
   <subfield code="v">τομ.21;τεύχ.6:(Μήνας)Δεκέμβριος;(Έτος)2008</subfield>
   <subfield code="y">23</subfield>
  </datafield>
  <datafield tag="852" ind1=" " ind2=" ">
   <subfield code="a">INST</subfield>
   <subfield code="b">UNIPILB</subfield>
   <subfield code="c">SERIALS</subfield>
   <subfield code="e">20090225</subfield>
   <subfield code="h">Αλφαβητική σειρά</subfield>
   <subfield code="p">63167</subfield>
   <subfield code="q">63167</subfield>
   <subfield code="t">NOLOAN</subfield>
   <subfield code="v">τομ.22;τεύχ.1:(Μήνας)Ιανουάριος;(Έτος)2009</subfield>
   <subfield code="y">23</subfield>
  </datafield>
  <datafield tag="852" ind1=" " ind2=" ">
   <subfield code="a">INST</subfield>
   <subfield code="b">UNIPILB</subfield>
   <subfield code="c">SERIALS</subfield>
   <subfield code="e">20090225</subfield>
   <subfield code="h">Αλφαβητική σειρά</subfield>
   <subfield code="p">63168</subfield>
   <subfield code="q">63168</subfield>
   <subfield code="t">NOLOAN</subfield>
   <subfield code="v">τομ.22;τεύχ.2:(Μήνας)Φεβρουάριος;(Έτος)2009</subfield>
   <subfield code="y">23</subfield>
  </datafield>
  <datafield tag="852" ind1=" " ind2=" ">
   <subfield code="a">INST</subfield>
   <subfield code="b">UNIPILB</subfield>
   <subfield code="c">SERIALS</subfield>
   <subfield code="e">20090225</subfield>
   <subfield code="h">Αλφαβητική σειρά</subfield>
   <subfield code="p">63169</subfield>
   <subfield code="q">63169</subfield>
   <subfield code="t">NOLOAN</subfield>
   <subfield code="v">τομ.22;τεύχ.3:(Μήνας)Μάρτιος;(Έτος)2009</subfield>
   <subfield code="y">23</subfield>
  </datafield>
  <datafield tag="852" ind1=" " ind2=" ">
   <subfield code="a">INST</subfield>
   <subfield code="b">UNIPILB</subfield>
   <subfield code="c">SERIALS</subfield>
   <subfield code="e">20090414</subfield>
   <subfield code="h">Αλφαβητική σειρά</subfield>
   <subfield code="p">63969</subfield>
   <subfield code="q">63969</subfield>
   <subfield code="t">NOLOAN</subfield>
   <subfield code="v">τομ.22;τεύχ.4:(Μήνας)Απρίλιος;(Έτος)2009</subfield>
   <subfield code="y">23</subfield>
  </datafield>
  <datafield tag="852" ind1=" " ind2=" ">
   <subfield code="a">INST</subfield>
   <subfield code="b">UNIPILB</subfield>
   <subfield code="c">SERIALS</subfield>
   <subfield code="e">20090710</subfield>
   <subfield code="h">Αλφαβητική σειρά</subfield>
   <subfield code="p">64387</subfield>
   <subfield code="q">64387</subfield>
   <subfield code="t">NOLOAN</subfield>
   <subfield code="v">τομ.22;τεύχ.5:(Μήνας)Μάιος;(Έτος)2009</subfield>
   <subfield code="y">23</subfield>
  </datafield>
  <datafield tag="852" ind1=" " ind2=" ">
   <subfield code="a">INST</subfield>
   <subfield code="b">UNIPILB</subfield>
   <subfield code="c">SERIALS</subfield>
   <subfield code="e">20090710</subfield>
   <subfield code="h">Αλφαβητική σειρά</subfield>
   <subfield code="p">64388</subfield>
   <subfield code="q">64388</subfield>
   <subfield code="t">NOLOAN</subfield>
   <subfield code="v">τομ.22;τεύχ.6:(Μήνας)Ιούνιος;(Έτος)2009</subfield>
   <subfield code="y">23</subfield>
  </datafield>
  <datafield tag="852" ind1=" " ind2=" ">
   <subfield code="a">INST</subfield>
   <subfield code="b">UNIPILB</subfield>
   <subfield code="c">SERIALS</subfield>
   <subfield code="e">20090901</subfield>
   <subfield code="h">Αλφαβητική σειρά</subfield>
   <subfield code="p">64537</subfield>
   <subfield code="q">64537</subfield>
   <subfield code="t">NOLOAN</subfield>
   <subfield code="v">τομ.23;τεύχ.1:(Μήνας)Ιούλιος;(Έτος)2009</subfield>
   <subfield code="y">23</subfield>
  </datafield>
  <datafield tag="852" ind1=" " ind2=" ">
   <subfield code="a">INST</subfield>
   <subfield code="b">UNIPILB</subfield>
   <subfield code="c">SERIALS</subfield>
   <subfield code="e">20090901</subfield>
   <subfield code="h">Αλφαβητική σειρά</subfield>
   <subfield code="p">64538</subfield>
   <subfield code="q">64538</subfield>
   <subfield code="t">NOLOAN</subfield>
   <subfield code="v">τομ.23;τεύχ.2:(Μήνας)Αύγουστος;(Έτος)2009</subfield>
   <subfield code="y">23</subfield>
  </datafield>
  <datafield tag="852" ind1=" " ind2=" ">
   <subfield code="a">INST</subfield>
   <subfield code="b">UNIPILB</subfield>
   <subfield code="c">SERIALS</subfield>
   <subfield code="e">20090901</subfield>
   <subfield code="h">Αλφαβητική σειρά</subfield>
   <subfield code="p">64539</subfield>
   <subfield code="q">64539</subfield>
   <subfield code="t">NOLOAN</subfield>
   <subfield code="v">τομ.23;τεύχ.3:(Μήνας)Σεπτέμβριος;(Έτος)2009</subfield>
   <subfield code="y">23</subfield>
  </datafield>
  <datafield tag="852" ind1=" " ind2=" ">
   <subfield code="a">INST</subfield>
   <subfield code="b">UNIPILB</subfield>
   <subfield code="c">SERIALS</subfield>
   <subfield code="e">20091008</subfield>
   <subfield code="h">Αλφαβητική σειρά</subfield>
   <subfield code="p">64941</subfield>
   <subfield code="q">64941</subfield>
   <subfield code="t">NOLOAN</subfield>
   <subfield code="v">τομ.23;τεύχ.4:(Μήνας)Οκτώβριος;(Έτος)2009</subfield>
   <subfield code="y">23</subfield>
  </datafield>
  <datafield tag="852" ind1=" " ind2=" ">
   <subfield code="a">INST</subfield>
   <subfield code="b">UNIPILB</subfield>
   <subfield code="c">SERIALS</subfield>
   <subfield code="e">20091118</subfield>
   <subfield code="h">Αλφαβητική σειρά</subfield>
   <subfield code="p">65385</subfield>
   <subfield code="q">65385</subfield>
   <subfield code="t">NOLOAN</subfield>
   <subfield code="v">τομ.23;τεύχ.5:(Μήνας)Νοέμβριος;(Έτος)2009</subfield>
   <subfield code="y">23</subfield>
  </datafield>
  <datafield tag="852" ind1=" " ind2=" ">
   <subfield code="a">INST</subfield>
   <subfield code="b">UNIPILB</subfield>
   <subfield code="c">SERIALS</subfield>
   <subfield code="e">20091130</subfield>
   <subfield code="h">Αλφαβητική σειρά</subfield>
   <subfield code="p">65542</subfield>
   <subfield code="q">65542</subfield>
   <subfield code="t">NOLOAN</subfield>
   <subfield code="v">τομ.23;τεύχ.6:(Μήνας)Δεκέμβριος;(Έτος)2009</subfield>
   <subfield code="y">23</subfield>
  </datafield>
  <datafield tag="852" ind1=" " ind2=" ">
   <subfield code="a">INST</subfield>
   <subfield code="b">UNIPILB</subfield>
   <subfield code="c">SERIALS</subfield>
   <subfield code="e">20100118</subfield>
   <subfield code="h">Αλφαβητική σειρά</subfield>
   <subfield code="p">66291</subfield>
   <subfield code="q">66291</subfield>
   <subfield code="t">NOLOAN</subfield>
   <subfield code="v">τομ.24;τεύχ.1:(Μήνας)Ιανουάριος;(Έτος)2010</subfield>
   <subfield code="y">23</subfield>
  </datafield>
  <datafield tag="852" ind1=" " ind2=" ">
   <subfield code="a">INST</subfield>
   <subfield code="b">UNIPILB</subfield>
   <subfield code="c">SERIALS</subfield>
   <subfield code="e">20100308</subfield>
   <subfield code="h">Αλφαβητική σειρά</subfield>
   <subfield code="p">67255</subfield>
   <subfield code="q">67255</subfield>
   <subfield code="t">NOLOAN</subfield>
   <subfield code="v">τομ.24;τεύχ.2:(Μήνας)Φεβρουάριος;(Έτος)2010</subfield>
   <subfield code="y">23</subfield>
  </datafield>
  <datafield tag="852" ind1=" " ind2=" ">
   <subfield code="a">INST</subfield>
   <subfield code="b">UNIPILB</subfield>
   <subfield code="c">SERIALS</subfield>
   <subfield code="e">20100308</subfield>
   <subfield code="h">Αλφαβητική σειρά</subfield>
   <subfield code="p">67256</subfield>
   <subfield code="q">67256</subfield>
   <subfield code="t">NOLOAN</subfield>
   <subfield code="v">τομ.24;τεύχ.3:(Μήνας)Μάρτιος;(Έτος)2010</subfield>
   <subfield code="y">23</subfield>
  </datafield>
  <datafield tag="852" ind1=" " ind2=" ">
   <subfield code="a">INST</subfield>
   <subfield code="b">UNIPILB</subfield>
   <subfield code="c">SERIALS</subfield>
   <subfield code="e">20100419</subfield>
   <subfield code="h">Αλφαβητική σειρά</subfield>
   <subfield code="p">67927</subfield>
   <subfield code="q">67927</subfield>
   <subfield code="t">NOLOAN</subfield>
   <subfield code="v">τομ.24;τεύχ.4:(Μήνας)Απρίλιος;(Έτος)2010</subfield>
   <subfield code="y">23</subfield>
  </datafield>
  <datafield tag="852" ind1=" " ind2=" ">
   <subfield code="a">INST</subfield>
   <subfield code="b">UNIPILB</subfield>
   <subfield code="c">SERIALS</subfield>
   <subfield code="e">20100511</subfield>
   <subfield code="h">Αλφαβητική σειρά</subfield>
   <subfield code="p">68045</subfield>
   <subfield code="q">68045</subfield>
   <subfield code="t">NOLOAN</subfield>
   <subfield code="v">τομ.24;τεύχ.5:(Μήνας)Μάιος;(Έτος)2010</subfield>
   <subfield code="y">23</subfield>
  </datafield>
  <datafield tag="852" ind1=" " ind2=" ">
   <subfield code="a">INST</subfield>
   <subfield code="b">UNIPILB</subfield>
   <subfield code="c">SERIALS</subfield>
   <subfield code="e">20100706</subfield>
   <subfield code="h">Αλφαβητική σειρά</subfield>
   <subfield code="p">69439</subfield>
   <subfield code="q">69439</subfield>
   <subfield code="t">NOLOAN</subfield>
   <subfield code="v">τομ.25;τεύχ.1:(Μήνας)Ιούλιος;(Έτος)2010</subfield>
   <subfield code="y">23</subfield>
  </datafield>
  <datafield tag="852" ind1=" " ind2=" ">
   <subfield code="a">INST</subfield>
   <subfield code="b">UNIPILB</subfield>
   <subfield code="c">SERIALS</subfield>
   <subfield code="e">20100909</subfield>
   <subfield code="h">Αλφαβητική σειρά</subfield>
   <subfield code="p">69799</subfield>
   <subfield code="q">69799</subfield>
   <subfield code="t">NOLOAN</subfield>
   <subfield code="v">τομ.25;τεύχ.2:(Μήνας)Αύγουστος;(Έτος)2010</subfield>
   <subfield code="y">23</subfield>
  </datafield>
  <datafield tag="852" ind1=" " ind2=" ">
   <subfield code="a">INST</subfield>
   <subfield code="b">UNIPILB</subfield>
   <subfield code="c">SERIALS</subfield>
   <subfield code="e">20100909</subfield>
   <subfield code="h">Αλφαβητική σειρά</subfield>
   <subfield code="p">69800</subfield>
   <subfield code="q">69800</subfield>
   <subfield code="t">NOLOAN</subfield>
   <subfield code="v">τομ.25;τεύχ.3:(Μήνας)Σεπτέμβριος;(Έτος)2010</subfield>
   <subfield code="y">23</subfield>
  </datafield>
  <datafield tag="852" ind1=" " ind2=" ">
   <subfield code="a">INST</subfield>
   <subfield code="b">UNIPILB</subfield>
   <subfield code="c">SERIALS</subfield>
   <subfield code="e">20101001</subfield>
   <subfield code="h">Αλφαβητική σειρά</subfield>
   <subfield code="p">69977</subfield>
   <subfield code="q">69977</subfield>
   <subfield code="t">NOLOAN</subfield>
   <subfield code="v">τομ.24;τεύχ.6:(Μήνας)Ιούνιος;(Έτος)2010</subfield>
   <subfield code="y">23</subfield>
  </datafield>
  <datafield tag="852" ind1=" " ind2=" ">
   <subfield code="a">INST</subfield>
   <subfield code="b">UNIPILB</subfield>
   <subfield code="c">SERIALS</subfield>
   <subfield code="e">20101112</subfield>
   <subfield code="h">Αλφαβητική σειρά</subfield>
   <subfield code="p">70541</subfield>
   <subfield code="q">70541</subfield>
   <subfield code="t">NOLOAN</subfield>
   <subfield code="v">τομ.25;τεύχ.4:(Μήνας)Οκτώβριος;(Έτος)2010</subfield>
   <subfield code="y">23</subfield>
  </datafield>
  <datafield tag="852" ind1=" " ind2=" ">
   <subfield code="a">INST</subfield>
   <subfield code="b">UNIPILB</subfield>
   <subfield code="c">SERIALS</subfield>
   <subfield code="e">20101115</subfield>
   <subfield code="h">Αλφαβητική σειρά</subfield>
   <subfield code="p">70598</subfield>
   <subfield code="q">70598</subfield>
   <subfield code="t">NOLOAN</subfield>
   <subfield code="v">τομ.25;τεύχ.5:(Μήνας)Νοέμβριος;(Έτος)2010</subfield>
   <subfield code="y">23</subfield>
  </datafield>
  <datafield tag="852" ind1=" " ind2=" ">
   <subfield code="a">INST</subfield>
   <subfield code="b">UNIPILB</subfield>
   <subfield code="c">SERIALS</subfield>
   <subfield code="e">20110121</subfield>
   <subfield code="h">Αλφαβητική σειρά</subfield>
   <subfield code="p">70878</subfield>
   <subfield code="q">70878</subfield>
   <subfield code="t">NOLOAN</subfield>
   <subfield code="v">τομ.25;τεύχ.6:(Μήνας)Δεκέμβριος;(Έτος)2010</subfield>
   <subfield code="y">23</subfield>
  </datafield>
  <datafield tag="852" ind1=" " ind2=" ">
   <subfield code="a">INST</subfield>
   <subfield code="b">UNIPILB</subfield>
   <subfield code="c">SERIALS</subfield>
   <subfield code="e">20110121</subfield>
   <subfield code="h">Αλφαβητική σειρά</subfield>
   <subfield code="p">70879</subfield>
   <subfield code="q">70879</subfield>
   <subfield code="t">NOLOAN</subfield>
   <subfield code="v">τομ.26;τεύχ.1:(Μήνας)Ιανουάριος;(Έτος)2011</subfield>
   <subfield code="y">23</subfield>
  </datafield>
  <datafield tag="852" ind1=" " ind2=" ">
   <subfield code="a">INST</subfield>
   <subfield code="b">UNIPILB</subfield>
   <subfield code="c">SERIALS</subfield>
   <subfield code="e">20110330</subfield>
   <subfield code="h">Αλφαβητική σειρά</subfield>
   <subfield code="p">71503</subfield>
   <subfield code="q">71503</subfield>
   <subfield code="t">NOLOAN</subfield>
   <subfield code="v">τομ.26;τεύχ.4:(Μήνας)Απρίλιος;(Έτος)2011</subfield>
   <subfield code="y">23</subfield>
  </datafield>
  <datafield tag="852" ind1=" " ind2=" ">
   <subfield code="a">INST</subfield>
   <subfield code="b">UNIPILB</subfield>
   <subfield code="c">SERIALS</subfield>
   <subfield code="e">20110729</subfield>
   <subfield code="h">Αλφαβητική σειρά</subfield>
   <subfield code="p">72562</subfield>
   <subfield code="q">72562</subfield>
   <subfield code="t">NOLOAN</subfield>
   <subfield code="v">τομ.27;τεύχ.1:(Μήνας)Ιούλιος;(Έτος)2011</subfield>
   <subfield code="y">23</subfield>
  </datafield>
  <datafield tag="852" ind1=" " ind2=" ">
   <subfield code="a">INST</subfield>
   <subfield code="b">UNIPILB</subfield>
   <subfield code="c">SERIALS</subfield>
   <subfield code="e">20110923</subfield>
   <subfield code="h">Αλφαβητική σειρά</subfield>
   <subfield code="p">72692</subfield>
   <subfield code="q">72692</subfield>
   <subfield code="t">NOLOAN</subfield>
   <subfield code="v">τομ.27;τεύχ.2:(Μήνας)Αύγουστος;(Έτος)2011</subfield>
   <subfield code="y">23</subfield>
  </datafield>
  <datafield tag="852" ind1=" " ind2=" ">
   <subfield code="a">INST</subfield>
   <subfield code="b">UNIPILB</subfield>
   <subfield code="c">SERIALS</subfield>
   <subfield code="e">20110923</subfield>
   <subfield code="h">Αλφαβητική σειρά</subfield>
   <subfield code="p">72693</subfield>
   <subfield code="q">72693</subfield>
   <subfield code="t">NOLOAN</subfield>
   <subfield code="v">τομ.27;τεύχ.3:(Μήνας)Σεπτέμβριος;(Έτος)2011</subfield>
   <subfield code="y">23</subfield>
  </datafield>
  <datafield tag="852" ind1=" " ind2=" ">
   <subfield code="a">INST</subfield>
   <subfield code="b">UNIPILB</subfield>
   <subfield code="c">SERIALS</subfield>
   <subfield code="e">20110929</subfield>
   <subfield code="h">Αλφαβητική σειρά</subfield>
   <subfield code="p">72832</subfield>
   <subfield code="q">72832</subfield>
   <subfield code="t">NOLOAN</subfield>
   <subfield code="v">τομ.27;τεύχ.4:(Μήνας)Οκτώβριος;(Έτος)2011</subfield>
   <subfield code="y">23</subfield>
  </datafield>
  <datafield tag="852" ind1=" " ind2=" ">
   <subfield code="a">INST</subfield>
   <subfield code="b">UNIPILB</subfield>
   <subfield code="c">SERIALS</subfield>
   <subfield code="e">20111018</subfield>
   <subfield code="h">Αλφαβητική σειρά</subfield>
   <subfield code="p">73049</subfield>
   <subfield code="q">73049</subfield>
   <subfield code="t">NOLOAN</subfield>
   <subfield code="v">τομ.26;τεύχ.2:(Μήνας)Φεβρουάριος;(Έτος)2011</subfield>
   <subfield code="y">23</subfield>
  </datafield>
  <datafield tag="852" ind1=" " ind2=" ">
   <subfield code="a">INST</subfield>
   <subfield code="b">UNIPILB</subfield>
   <subfield code="c">SERIALS</subfield>
   <subfield code="e">20111018</subfield>
   <subfield code="h">Αλφαβητική σειρά</subfield>
   <subfield code="p">73050</subfield>
   <subfield code="q">73050</subfield>
   <subfield code="t">NOLOAN</subfield>
   <subfield code="v">τομ.26;τεύχ.3:(Μήνας)Μάρτιος;(Έτος)2011</subfield>
   <subfield code="y">23</subfield>
  </datafield>
  <datafield tag="852" ind1=" " ind2=" ">
   <subfield code="a">INST</subfield>
   <subfield code="b">UNIPILB</subfield>
   <subfield code="c">SERIALS</subfield>
   <subfield code="e">20111018</subfield>
   <subfield code="h">Αλφαβητική σειρά</subfield>
   <subfield code="p">73051</subfield>
   <subfield code="q">73051</subfield>
   <subfield code="t">NOLOAN</subfield>
   <subfield code="v">τομ.26;τεύχ.5:(Μήνας)Μάιος;(Έτος)2011</subfield>
   <subfield code="y">23</subfield>
  </datafield>
  <datafield tag="852" ind1=" " ind2=" ">
   <subfield code="a">INST</subfield>
   <subfield code="b">UNIPILB</subfield>
   <subfield code="c">SERIALS</subfield>
   <subfield code="e">20111018</subfield>
   <subfield code="h">Αλφαβητική σειρά</subfield>
   <subfield code="p">73052</subfield>
   <subfield code="q">73052</subfield>
   <subfield code="t">NOLOAN</subfield>
   <subfield code="v">τομ.26;τεύχ.6:(Μήνας)Ιούνιος;(Έτος)2011</subfield>
   <subfield code="y">23</subfield>
  </datafield>
  <datafield tag="852" ind1=" " ind2=" ">
   <subfield code="a">INST</subfield>
   <subfield code="b">UNIPILB</subfield>
   <subfield code="c">SERIALS</subfield>
   <subfield code="e">20111103</subfield>
   <subfield code="h">Αλφαβητική σειρά</subfield>
   <subfield code="p">73259</subfield>
   <subfield code="q">73259</subfield>
   <subfield code="t">NOLOAN</subfield>
   <subfield code="v">τομ.27;τεύχ.5:(Μήνας)Νοέμβριος;(Έτος)2011</subfield>
   <subfield code="y">23</subfield>
  </datafield>
  <datafield tag="852" ind1=" " ind2=" ">
   <subfield code="a">INST</subfield>
   <subfield code="b">UNIPILB</subfield>
   <subfield code="c">SERIALS</subfield>
   <subfield code="e">20120111</subfield>
   <subfield code="h">Αλφαβητική σειρά</subfield>
   <subfield code="p">73909</subfield>
   <subfield code="q">73909</subfield>
   <subfield code="t">NOLOAN</subfield>
   <subfield code="v">τομ.27;τεύχ.6:(Μήνας)Δεκέμβριος;(Έτος)2011</subfield>
   <subfield code="y">23</subfield>
  </datafield>
  <datafield tag="852" ind1=" " ind2=" ">
   <subfield code="a">INST</subfield>
   <subfield code="b">UNIPILB</subfield>
   <subfield code="c">SERIALS</subfield>
   <subfield code="e">20120228</subfield>
   <subfield code="h">Αλφαβητική σειρά</subfield>
   <subfield code="p">74593</subfield>
   <subfield code="q">74593</subfield>
   <subfield code="t">NOLOAN</subfield>
   <subfield code="v">τομ.28;τεύχ.1:(Μήνας)Ιανουάριος;(Έτος)2012</subfield>
   <subfield code="y">23</subfield>
  </datafield>
  <datafield tag="852" ind1=" " ind2=" ">
   <subfield code="a">INST</subfield>
   <subfield code="b">UNIPILB</subfield>
   <subfield code="c">SERIALS</subfield>
   <subfield code="e">20120228</subfield>
   <subfield code="h">Αλφαβητική σειρά</subfield>
   <subfield code="p">74594</subfield>
   <subfield code="q">74594</subfield>
   <subfield code="t">NOLOAN</subfield>
   <subfield code="v">τομ.28;τεύχ.2:(Μήνας)Φεβρουάριος;(Έτος)2012</subfield>
   <subfield code="y">23</subfield>
  </datafield>
  <datafield tag="852" ind1=" " ind2=" ">
   <subfield code="a">INST</subfield>
   <subfield code="b">UNIPILB</subfield>
   <subfield code="c">SERIALS</subfield>
   <subfield code="e">20120316</subfield>
   <subfield code="h">Αλφαβητική σειρά</subfield>
   <subfield code="p">74912</subfield>
   <subfield code="q">74912</subfield>
   <subfield code="t">NOLOAN</subfield>
   <subfield code="v">τομ.28;τεύχ.3:(Μήνας)Μάρτιος;(Έτος)2012</subfield>
   <subfield code="y">23</subfield>
  </datafield>
  <datafield tag="852" ind1=" " ind2=" ">
   <subfield code="a">INST</subfield>
   <subfield code="b">UNIPILB</subfield>
   <subfield code="c">SERIALS</subfield>
   <subfield code="e">20120426</subfield>
   <subfield code="h">Αλφαβητική σειρά</subfield>
   <subfield code="p">75316</subfield>
   <subfield code="q">75316</subfield>
   <subfield code="t">NOLOAN</subfield>
   <subfield code="v">τομ.28;τεύχ.4:(Μήνας)Απρίλιος;(Έτος)2012</subfield>
   <subfield code="y">23</subfield>
  </datafield>
  <datafield tag="852" ind1=" " ind2=" ">
   <subfield code="a">INST</subfield>
   <subfield code="b">UNIPILB</subfield>
   <subfield code="c">SERIALS</subfield>
   <subfield code="e">20120606</subfield>
   <subfield code="h">Αλφαβητική σειρά</subfield>
   <subfield code="p">75696</subfield>
   <subfield code="q">75696</subfield>
   <subfield code="t">NOLOAN</subfield>
   <subfield code="v">τομ.28;τεύχ.5:(Μήνας)Μάιος;(Έτος)2012</subfield>
   <subfield code="y">23</subfield>
  </datafield>
  <datafield tag="852" ind1=" " ind2=" ">
   <subfield code="a">INST</subfield>
   <subfield code="b">UNIPILB</subfield>
   <subfield code="c">SERIALS</subfield>
   <subfield code="e">20120904</subfield>
   <subfield code="h">Αλφαβητική σειρά</subfield>
   <subfield code="p">76370</subfield>
   <subfield code="q">76370</subfield>
   <subfield code="t">NOLOAN</subfield>
   <subfield code="v">τομ.28;τεύχ.6:(Μήνας)Ιούνιος;(Έτος)2012</subfield>
   <subfield code="y">23</subfield>
  </datafield>
  <datafield tag="852" ind1=" " ind2=" ">
   <subfield code="a">INST</subfield>
   <subfield code="b">UNIPILB</subfield>
   <subfield code="c">SERIALS</subfield>
   <subfield code="e">20121101</subfield>
   <subfield code="h">Αλφαβητική σειρά</subfield>
   <subfield code="p">76994</subfield>
   <subfield code="q">76994</subfield>
   <subfield code="t">NOLOAN</subfield>
   <subfield code="v">τομ.29;τεύχ.8:(Μήνας)Αύγουστος;(Έτος)2012</subfield>
   <subfield code="y">23</subfield>
  </datafield>
  <datafield tag="852" ind1=" " ind2=" ">
   <subfield code="a">INST</subfield>
   <subfield code="b">UNIPILB</subfield>
   <subfield code="c">SERIALS</subfield>
   <subfield code="e">20130129</subfield>
   <subfield code="h">Αλφαβητική σειρά</subfield>
   <subfield code="p">77671</subfield>
   <subfield code="q">77671</subfield>
   <subfield code="t">NOLOAN</subfield>
   <subfield code="v">τομ.30;τεύχ.3:(Μήνας)Σεπτέμβριος;(Έτος)2012</subfield>
   <subfield code="y">23</subfield>
  </datafield>
  <datafield tag="852" ind1=" " ind2=" ">
   <subfield code="a">INST</subfield>
   <subfield code="b">UNIPILB</subfield>
   <subfield code="c">SERIALS</subfield>
   <subfield code="e">20130129</subfield>
   <subfield code="h">Αλφαβητική σειρά</subfield>
   <subfield code="p">77672</subfield>
   <subfield code="q">77672</subfield>
   <subfield code="t">NOLOAN</subfield>
   <subfield code="v">τομ.30;τεύχ.4:(Μήνας)Οκτώβριος;(Έτος)2012</subfield>
   <subfield code="y">23</subfield>
  </datafield>
  <datafield tag="852" ind1=" " ind2=" ">
   <subfield code="a">INST</subfield>
   <subfield code="b">UNIPILB</subfield>
   <subfield code="c">SERIALS</subfield>
   <subfield code="e">20130129</subfield>
   <subfield code="h">Αλφαβητική σειρά</subfield>
   <subfield code="p">77673</subfield>
   <subfield code="q">77673</subfield>
   <subfield code="t">NOLOAN</subfield>
   <subfield code="v">τομ.30;τεύχ.5:(Μήνας)Νοέμβριος;(Έτος)2012</subfield>
   <subfield code="y">23</subfield>
  </datafield>
  <datafield tag="852" ind1=" " ind2=" ">
   <subfield code="a">INST</subfield>
   <subfield code="b">UNIPILB</subfield>
   <subfield code="c">SERIALS</subfield>
   <subfield code="e">20130129</subfield>
   <subfield code="h">Αλφαβητική σειρά</subfield>
   <subfield code="p">77674</subfield>
   <subfield code="q">77674</subfield>
   <subfield code="t">NOLOAN</subfield>
   <subfield code="v">τομ.30;τεύχ.6:(Μήνας)Δεκέμβριος;(Έτος)2012</subfield>
   <subfield code="y">23</subfield>
  </datafield>
  <datafield tag="852" ind1=" " ind2=" ">
   <subfield code="a">INST</subfield>
   <subfield code="b">UNIPILB</subfield>
   <subfield code="c">SERIALS</subfield>
   <subfield code="e">20130424</subfield>
   <subfield code="h">Αλφαβητική σειρά</subfield>
   <subfield code="p">79322</subfield>
   <subfield code="q">79322</subfield>
   <subfield code="t">NOLOAN</subfield>
   <subfield code="v">τομ.31;τεύχ.4:(Μήνας)Απρίλιος;(Έτος)2013</subfield>
   <subfield code="y">23</subfield>
  </datafield>
  <datafield tag="852" ind1=" " ind2=" ">
   <subfield code="a">INST</subfield>
   <subfield code="b">UNIPILB</subfield>
   <subfield code="c">SERIALS</subfield>
   <subfield code="e">20130424</subfield>
   <subfield code="h">Αλφαβητική σειρά</subfield>
   <subfield code="p">79323</subfield>
   <subfield code="q">79323</subfield>
   <subfield code="t">NOLOAN</subfield>
   <subfield code="v">τομ.31;τεύχ.2:(Μήνας)Φεβρουάριος;(Έτος)2013</subfield>
   <subfield code="y">23</subfield>
  </datafield>
  <datafield tag="852" ind1=" " ind2=" ">
   <subfield code="a">INST</subfield>
   <subfield code="b">UNIPILB</subfield>
   <subfield code="c">SERIALS</subfield>
   <subfield code="e">20130528</subfield>
   <subfield code="h">Αλφαβητική σειρά</subfield>
   <subfield code="p">79779</subfield>
   <subfield code="q">79779</subfield>
   <subfield code="t">NOLOAN</subfield>
   <subfield code="v">τομ.31;τεύχ.5:(Μήνας)Μάιος;(Έτος)2013</subfield>
   <subfield code="y">23</subfield>
  </datafield>
  <datafield tag="852" ind1=" " ind2=" ">
   <subfield code="a">INST</subfield>
   <subfield code="b">UNIPILB</subfield>
   <subfield code="c">SERIALS</subfield>
   <subfield code="e">20130610</subfield>
   <subfield code="h">Αλφαβητική σειρά</subfield>
   <subfield code="p">80015</subfield>
   <subfield code="q">80015</subfield>
   <subfield code="t">NOLOAN</subfield>
   <subfield code="v">τομ.31;τεύχ.6:(Μήνας)Ιούνιος;(Έτος)2013</subfield>
   <subfield code="y">23</subfield>
  </datafield>
  <datafield tag="852" ind1=" " ind2=" ">
   <subfield code="a">INST</subfield>
   <subfield code="b">UNIPILB</subfield>
   <subfield code="c">SERIALS</subfield>
   <subfield code="e">20130704</subfield>
   <subfield code="h">Αλφαβητική σειρά</subfield>
   <subfield code="p">80233</subfield>
   <subfield code="q">80233</subfield>
   <subfield code="t">NOLOAN</subfield>
   <subfield code="v">τομ.32;τεύχ.1:(Μήνας)Ιούλιος;(Έτος)2014</subfield>
   <subfield code="y">23</subfield>
  </datafield>
  <datafield tag="852" ind1=" " ind2=" ">
   <subfield code="a">INST</subfield>
   <subfield code="b">UNIPILB</subfield>
   <subfield code="c">SERIALS</subfield>
   <subfield code="e">20130923</subfield>
   <subfield code="h">Αλφαβητική σειρά</subfield>
   <subfield code="p">80932</subfield>
   <subfield code="q">80932</subfield>
   <subfield code="t">NOLOAN</subfield>
   <subfield code="v">τομ.31;τεύχ.3:(Μήνας)Σεπτέμβριος;(Έτος)2013</subfield>
   <subfield code="y">23</subfield>
  </datafield>
  <datafield tag="852" ind1=" " ind2=" ">
   <subfield code="a">INST</subfield>
   <subfield code="b">UNIPILB</subfield>
   <subfield code="c">SERIALS</subfield>
   <subfield code="e">20130925</subfield>
   <subfield code="h">Αλφαβητική σειρά</subfield>
   <subfield code="p">80970</subfield>
   <subfield code="q">80970</subfield>
   <subfield code="t">NOLOAN</subfield>
   <subfield code="v">τομ.32;τεύχ.2:(Μήνας)Αύγουστος;(Έτος)2014</subfield>
   <subfield code="y">23</subfield>
  </datafield>
  <datafield tag="852" ind1=" " ind2=" ">
   <subfield code="a">INST</subfield>
   <subfield code="b">UNIPILB</subfield>
   <subfield code="c">SERIALS</subfield>
   <subfield code="e">20131014</subfield>
   <subfield code="h">Αλφαβητική σειρά</subfield>
   <subfield code="p">81067</subfield>
   <subfield code="q">81067</subfield>
   <subfield code="t">NOLOAN</subfield>
   <subfield code="v">τομ.31;τεύχ.4:(Μήνας)Οκτώβριος;(Έτος)2013</subfield>
   <subfield code="y">23</subfield>
  </datafield>
  <datafield tag="852" ind1=" " ind2=" ">
   <subfield code="a">INST</subfield>
   <subfield code="b">UNIPILB</subfield>
   <subfield code="c">SERIALS</subfield>
   <subfield code="e">20131104</subfield>
   <subfield code="h">Αλφαβητική σειρά</subfield>
   <subfield code="p">81220</subfield>
   <subfield code="q">81220</subfield>
   <subfield code="t">NOLOAN</subfield>
   <subfield code="v">τομ.31;τεύχ.5:(Μήνας)Νοέμβριος;(Έτος)2013</subfield>
   <subfield code="y">23</subfield>
  </datafield>
  <datafield tag="852" ind1=" " ind2=" ">
   <subfield code="a">INST</subfield>
   <subfield code="b">UNIPILB</subfield>
   <subfield code="c">SERIALS</subfield>
   <subfield code="e">20131129</subfield>
   <subfield code="h">Αλφαβητική σειρά</subfield>
   <subfield code="p">81534</subfield>
   <subfield code="q">81534</subfield>
   <subfield code="t">NOLOAN</subfield>
   <subfield code="v">τομ.31;τεύχ.6:(Μήνας)Δεκέμβριος;(Έτος)2013</subfield>
   <subfield code="y">23</subfield>
  </datafield>
  <datafield tag="852" ind1=" " ind2=" ">
   <subfield code="a">INST</subfield>
   <subfield code="b">UNIPILB</subfield>
   <subfield code="c">SERIALS</subfield>
   <subfield code="e">20140115</subfield>
   <subfield code="h">Αλφαβητική σειρά</subfield>
   <subfield code="p">81875</subfield>
   <subfield code="q">81875</subfield>
   <subfield code="t">NOLOAN</subfield>
   <subfield code="v">τομ.32;τεύχ.1:(Μήνας)Ιανουάριος;(Έτος)2014</subfield>
   <subfield code="y">23</subfield>
  </datafield>
  <datafield tag="852" ind1=" " ind2=" ">
   <subfield code="a">INST</subfield>
   <subfield code="b">UNIPILB</subfield>
   <subfield code="c">SERIALS</subfield>
   <subfield code="e">20140205</subfield>
   <subfield code="h">Αλφαβητική σειρά</subfield>
   <subfield code="p">81966</subfield>
   <subfield code="q">81966</subfield>
   <subfield code="t">NOLOAN</subfield>
   <subfield code="v">τομ.32;τεύχ.2:(Μήνας)Φεβρουάριος;(Έτος)2014</subfield>
   <subfield code="y">23</subfield>
  </datafield>
  <datafield tag="852" ind1=" " ind2=" ">
   <subfield code="a">INST</subfield>
   <subfield code="b">UNIPILB</subfield>
   <subfield code="c">SERIALS</subfield>
   <subfield code="e">20140304</subfield>
   <subfield code="h">Αλφαβητική σειρά</subfield>
   <subfield code="p">82232</subfield>
   <subfield code="q">82232</subfield>
   <subfield code="t">NOLOAN</subfield>
   <subfield code="v">τομ.32;τεύχ.3:(Μήνας)Μάρτιος;(Έτος)2014</subfield>
   <subfield code="y">23</subfield>
  </datafield>
  <datafield tag="856" ind1="4" ind2="1">
   <subfield code="u">http://www.nationalgeographic.gr</subfield>
  </datafield>
  <datafield tag="900" ind1=" " ind2=" ">
   <subfield code="a">Τομ. 32 τχ. 4 (Απρίλιος 2014)</subfield>
   <subfield code="b">Οφειλόμενο</subfield>
   <subfield code="c">13/06/2017</subfield>
  </datafield>
  <datafield tag="900" ind1=" " ind2=" ">
   <subfield code="a">Τομ. 14 τχ. 3 (Μάρτιος 2005)</subfield>
   <subfield code="b">Οφειλόμενο</subfield>
   <subfield code="c">10/10/2005</subfield>
  </datafield>
  <datafield tag="900" ind1=" " ind2=" ">
   <subfield code="a">Τομ. 16 τχ. 1 (Ιανουάριος 2006)</subfield>
   <subfield code="b">Οφειλόμενο</subfield>
   <subfield code="c">02/07/2006</subfield>
  </datafield>
  <datafield tag="900" ind1=" " ind2=" ">
   <subfield code="a">Τομ. 18 τχ. 5 (Μάιος 2007)</subfield>
   <subfield code="b">Οφειλόμενο</subfield>
   <subfield code="c">23/07/2007</subfield>
  </datafield>
  <datafield tag="900" ind1=" " ind2=" ">
   <subfield code="a">Τομ. 18 τχ. 6 (Ιούνιος 2007)</subfield>
   <subfield code="b">Οφειλόμενο</subfield>
   <subfield code="c">05/02/2008</subfield>
  </datafield>
  <datafield tag="900" ind1=" " ind2=" ">
   <subfield code="a">Τομ. 19 τχ. 1 (Ιούλιος 2007)</subfield>
   <subfield code="b">Οφειλόμενο</subfield>
   <subfield code="c">05/02/2008</subfield>
  </datafield>
  <datafield tag="900" ind1=" " ind2=" ">
   <subfield code="a">Τομ. 19 τχ. 2 (Αύγουστος 2007)</subfield>
   <subfield code="b">Οφειλόμενο</subfield>
   <subfield code="c">05/02/2008</subfield>
  </datafield>
  <datafield tag="900" ind1=" " ind2=" ">
   <subfield code="a">Τομ. 19 τχ. 3 (Σεπτέμβριος 2007)</subfield>
   <subfield code="b">Οφειλόμενο</subfield>
   <subfield code="c">05/02/2008</subfield>
  </datafield>
  <datafield tag="900" ind1=" " ind2=" ">
   <subfield code="a">Τομ. 19 τχ. 4 (Οκτώβριος 2007)</subfield>
   <subfield code="b">Οφειλόμενο</subfield>
   <subfield code="c">05/02/2008</subfield>
  </datafield>
  <datafield tag="900" ind1=" " ind2=" ">
   <subfield code="a">Τομ. 19 τχ. 5 (Νοέμβριος 2007)</subfield>
   <subfield code="b">Οφειλόμενο</subfield>
   <subfield code="c">05/02/2008</subfield>
  </datafield>
  <datafield tag="900" ind1=" " ind2=" ">
   <subfield code="a">Τομ. 19 τχ. 6 (Δεκέμβριος 2007)</subfield>
   <subfield code="b">Οφειλόμενο</subfield>
   <subfield code="c">22/02/2008</subfield>
  </datafield>
  <datafield tag="900" ind1=" " ind2=" ">
   <subfield code="a">Τομ. 29 τχ. 1 (Ιούλιος 2012)</subfield>
   <subfield code="b">Οφειλόμενο</subfield>
   <subfield code="c">01/11/2012</subfield>
  </datafield>
  <datafield tag="950" ind1=" " ind2=" ">
   <subfield code="a">01/01/2004</subfield>
   <subfield code="c">ΔΗΜΟΣΙΟΓΡΑΦΙΚΟΣ ΟΡΓΑΝΙΣΜΟΣ ΛΑΜΠΡΑΚΗ</subfield>
   <subfield code="d">12</subfield>
  </datafield>
  <datafield tag="951" ind1=" " ind2=" ">
   <subfield code="a">Τομ. 32 τχ. 1 (Ιανουάριος 2014) - Τομ. 32 τχ. 3 (Μάρτιος 2014)</subfield>
   <subfield code="b">Main run</subfield>
  </datafield>
  <datafield tag="951" ind1=" " ind2=" ">
   <subfield code="a">Τομ.1, τχ.1(Οκτ. 1998) -  (Τομ. 10/11, τχ.6 (Δεκ. 2003)</subfield>
   <subfield code="b">Main run</subfield>
  </datafield>
  <datafield tag="951" ind1=" " ind2=" ">
   <subfield code="a">Τομ. 12 τχ. 1 (Ιανουάριος 2004)</subfield>
   <subfield code="b">Main run</subfield>
  </datafield>
  <datafield tag="951" ind1=" " ind2=" ">
   <subfield code="a">Τομ. 12 τχ. 2 (Φεβρουάριος 2004) - Τομ. 12 τχ. 6 (Ιούνιος 2004)</subfield>
   <subfield code="b">Main run</subfield>
  </datafield>
  <datafield tag="951" ind1=" " ind2=" ">
   <subfield code="a">Τομ. 13 τχ. 1 (Ιούλιος 2004) - Τομ. 13 τχ. 6 (Δεκέμβριος 2004)</subfield>
   <subfield code="b">Main run</subfield>
  </datafield>
  <datafield tag="951" ind1=" " ind2=" ">
   <subfield code="a">Τομ. 14 τχ. 1 (Ιανουάριος 2005) - Τομ. 14 τχ. 2 (Φεβρουάριος 2005)</subfield>
   <subfield code="b">Main run</subfield>
  </datafield>
  <datafield tag="951" ind1=" " ind2=" ">
   <subfield code="a">Τομ. 14 τχ. 4 (Απρίλιος 2005) - Τομ. 14 τχ. 6 (Ιούνιος 2005)</subfield>
   <subfield code="b">Main run</subfield>
  </datafield>
  <datafield tag="951" ind1=" " ind2=" ">
   <subfield code="a">Τομ. 15 τχ. 1 (Ιούλιος 2005) - Τομ. 15 τχ. 6 (Δεκέμβριος 2005)</subfield>
   <subfield code="b">Main run</subfield>
  </datafield>
  <datafield tag="951" ind1=" " ind2=" ">
   <subfield code="a">Τομ. 16 τχ. 2 (Φεβρουάριος 2006) - Τομ. 16 τχ. 6 (Ιούνιος 2006)</subfield>
   <subfield code="b">Main run</subfield>
  </datafield>
  <datafield tag="951" ind1=" " ind2=" ">
   <subfield code="a">Τομ. 17 τχ. 1 (Ιούλιος 2006) - Τομ. 17 τχ. 6 (Δεκέμβριος 2006)</subfield>
   <subfield code="b">Main run</subfield>
  </datafield>
  <datafield tag="951" ind1=" " ind2=" ">
   <subfield code="a">Τομ. 18 τχ. 1 (Ιανουάριος 2007) - Τομ. 18 τχ. 4 (Απρίλιος 2007)</subfield>
   <subfield code="b">Main run</subfield>
  </datafield>
  <datafield tag="951" ind1=" " ind2=" ">
   <subfield code="a">Τομ. 20 τχ. 1 (Ιανουάριος 2008) - Τομ. 29 τχ. 8 (Αύγουστος 2012)</subfield>
   <subfield code="b">Main run</subfield>
  </datafield>
  <datafield tag="951" ind1=" " ind2=" ">
   <subfield code="a">Τομ. 30 τχ. 3 (Σεπτέμβριος 2012) - Τομ. 30 τχ. 6 (Δεκέμβριος 2012)</subfield>
   <subfield code="b">Main run</subfield>
  </datafield>
  <datafield tag="951" ind1=" " ind2=" ">
   <subfield code="a">Τομ. 31 τχ. 2 (Φεβρουάριος 2013)</subfield>
   <subfield code="b">Main run</subfield>
  </datafield>
  <datafield tag="951" ind1=" " ind2=" ">
   <subfield code="a">Τομ. 31 τχ. 4 (Απρίλιος 2013) - Τομ. 31 τχ. 6 (Ιούνιος 2013)</subfield>
   <subfield code="b">Main run</subfield>
  </datafield>
  <datafield tag="951" ind1=" " ind2=" ">
   <subfield code="a">Τομ. 32 τχ. 1 (Ιούλιος 2013) - Τομ. 32 τχ. 2 (Αύγουστος 2013)</subfield>
   <subfield code="b">Main run</subfield>
  </datafield>
  <datafield tag="951" ind1=" " ind2=" ">
   <subfield code="a">Τομ. 31 τχ. 3 (Σεπτέμβριος 2013) - Τομ. 31 τχ. 6 (Δεκέμβριος 2013)</subfield>
   <subfield code="b">Main run</subfield>
  </datafield>
  <datafield tag="952" ind1=" " ind2=" ">
   <subfield code="a">8/9(5,6,6)2002</subfield>
  </datafield>
 </record>
</collection>
